[Event "FRA-ch U18 Girls"]
[Site "Saint Paul Trois Chateaux"]
[Date "2013.05.03"]
[Round "6"]
[White "Mouzayek, Sarah"]
[Black "Kuszel, Leonore"]
[Result "1-0"]
[WhiteElo "1440"]
[BlackElo "1510"]
[PlyCount "37"]
[EventDate "2013.04.28"]
[EventType "swiss"]
[EventRounds "9"]
[EventCountry "FRA"]
[SourceTitle "CBM 154 Extra"]
[Source "ChessBase"]
[SourceDate "2013.06.25"]
[SourceVersion "2"]
[SourceVersionDate "2013.06.25"]
[SourceQuality "1"]

1. e4 c5 2. Nf3 e6 3. d4 cxd4 4. Nxd4 Nf6 5. Nc3 Bb4 6. Bd3 0-0 7. Bd2 d5 8. e5 Bxc3 9. Bxc3 Ne4 10. Bxe4 dxe4 11. 0-0 b6 12. f3 Bb7 13. fxe4 Bxe4 14. Rf4 Bb7 15. Qh5 h6 16. Rg4 Qd5 17. Qxh6 g6 18. Rf1 Qxe5 19. Nb3 1-0

[Event "FRA-ch U18 Girls"]
[Site "Saint Paul Trois Chateaux"]
[Date "2013.05.02"]
[Round "5"]
[White "Kuszel, Leonore"]
[Black "Sriskantharajah, Niruja"]
[Result "0-1"]
[WhiteElo "1510"]
[BlackElo "1663"]
[PlyCount "92"]
[EventDate "2013.04.28"]
[EventType "swiss"]
[EventRounds "9"]
[EventCountry "FRA"]
[SourceTitle "CBM 154 Extra"]
[Source "ChessBase"]
[SourceDate "2013.06.25"]
[SourceVersion "2"]
[SourceVersionDate "2013.06.25"]
[SourceQuality "1"]

1. e4 e6 2. d4 d5 3. exd5 exd5 4. Nf3 Bd6 5. Be2 Nf6 6. 0-0 0-0 7. c4 dxc4 8. Nc3 Bg4 9. d5 Nbd7 10. Nd4 Bxe2 11. Qxe2 Nb6 12. Bg5 Re8 13. Qf3 Be5 14. Nf5 Qc8 15. h4 Bxc3 16. bxc3 Nfxd5 17. Nh6+ gxh6 18. Bxh6 Qe6 19. Bg5 Qg6 20. Rad1 h6 21. Rd4 Kh7 22. Rg4 Qe6 23. Rd1 Rg8 24. Rdd4 f5 25. Rg3 Raf8 26. Kh2 c6 27. Rd2 Nd7 28. Re2 Ne5 29. Qh5 Qd6 30. Rxe5 Rg6 31. Qe2 hxg5 32. Rxg5 Rh6 33. g3 Qd8 34. Rh5 Rff6 35. Qf3 Ne7 36. g4 Rxh5 37. gxh5 Rf7 38. Re6 Qg8 39. Qf4 Qg7 40. Re3 Nd5 41. Qg3 Nxe3 42. Qxe3 Qg4 43. Qg5 Rg7 44. Qxg4 Rxg4 45. Kh3 Kh6 46. f3 Rg8 0-1

[Event "FRA-ch U18 Girls"]
[Site "Saint Paul Trois Chateaux"]
[Date "2013.04.29"]
[Round "2"]
[White "Kuszel, Leonore"]
[Black "Caron, Audrey"]
[Result "1-0"]
[WhiteElo "1510"]
[BlackElo "1350"]
[PlyCount "103"]
[EventDate "2013.04.28"]
[EventType "swiss"]
[EventRounds "9"]
[EventCountry "FRA"]
[SourceTitle "CBM 154 Extra"]
[Source "ChessBase"]
[SourceDate "2013.06.25"]
[SourceVersion "2"]
[SourceVersionDate "2013.06.25"]
[SourceQuality "1"]

1. e4 g6 2. d4 Bg7 3. Nc3 Nf6 4. Be2 0-0 5. e5 Ne8 6. Nf3 d6 7. Bf4 Nc6 8. 0-0 Bg4 9. d5 Bxf3 10. Bxf3 Nxe5 11. Re1 Nc4 12. Rb1 f6 13. b3 Na3 14. Rc1 f5 15. Nb1 Nxb1 16. Rxb1 Bc3 17. Re3 Bg7 18. Bg5 Rf7 19. g4 f4 20. Re4 Be5 21. Qd2 Nf6 22. Bxf6 Rxf6 23. g5 Rf8 24. Bg4 c6 25. Be6+ Kh8 26. Rxe5 dxe5 27. Qc3 Qd6 28. Re1 h6 29. Qh3 h5 30. Qc3 cxd5 31. Bxd5 Qxd5 32. Rxe5 Qf7 33. Rxe7+ Kg8 34. Rxf7 Rxf7 35. Qd3 Raf8 36. Qxg6+ Rg7 37. Qxh5 Rh7 38. Qg4 Kg7 39. h4 Rfh8 40. Qd7+ Kg6 41. Qe6+ Kh5 42. g6 Rh6 43. g7 Rg6+ 44. Qxg6+ Kxg6 45. gxh8Q Kf5 46. Qd4 a6 47. f3 b5 48. Qe4+ Kf6 49. h5 Kg7 50. Qg6+ Kh8 51. h6 b4 52. Qg7# 1-0